header

Deaf president now! (Record no. 49226)

MARC details
000 -LEADER
fixed length control field 01393nam a2200337 a 4500
082 04 - DEWEY DECIMAL CLASSIFICATION NUMBER
Classification number 371.91/2/09753
100 1# - MAIN ENTRY--AUTHOR NAME
Personal name Christiansen, John B.
245 10 - TITLE STATEMENT
Title Deaf president now!
260 ## - PUBLICATION, DISTRIBUTION, ETC. (IMPRINT)
Place of publication Washington, D.C. :
Name of publisher Gallaudet University Press,
Year of publication 1995.
300 ## - PHYSICAL DESCRIPTION
Number of Pages xxi, 240 p. :
Other physical details ill.
650 #0 - SUBJECT ADDED ENTRY--TOPICAL TERM
Topical Term Student strikes
Topical Term Deaf
700 1# - ADDED ENTRY--PERSONAL NAME
Personal name Barnartt, Sharon N.
856 40 - ELECTRONIC LOCATION AND ACCESS
Uniform Resource Identifier http://site.ebrary.com/lib/rucke/Doc?id=10067790

No items available.

© 2026 Rongo University
Contact us: librarian | system librarian | Rongo university